Razor wire /

Bibliographic Details
Main Author: Hillman, Grady
Format: Book
Language:English
Published: Austin, Tx : Plain View Press, [1986]

MARC

Tag First Indicator Second Indicator Subfields
LEADER 00000cam a2200000 a 4500
001 in00000974708
005 20150927111415.0
008 860725s1986 txua 00010 eng
010 |a  86062230  
020 |a 091105135X 
035 |a (OCoLC)15186932 
035 |9 AEW1339AM 
040 |a DLC  |c DLC  |d UtOrBLW 
049 |a TXAM 
050 0 0 |a PS3558.I4529  |b R39 1986 
082 0 |a 811/.54  |2 19 
100 1 |a Hillman, Grady. 
245 1 0 |a Razor wire /  |c Grady Hillman ; graphics by Steve Wiman. 
264 1 |a Austin, Tx :  |b Plain View Press,  |c [1986] 
264 4 |c ©1986 
300 |a 60 pages :  |b illustrations ;  |c 23 cm. 
336 |a text  |b txt  |2 rdacontent 
337 |a unmediated  |b n  |2 rdamedia 
338 |a volume  |b nc  |2 rdacarrier 
500 |a Limited edition of 500 copies. 
500 |a "Austin Book Award, 1986." 
999 |a MARS 
999 f f |s ed2d8a72-e619-3557-aa67-90017c5502b6  |i 25cd339a-afec-3f56-92f2-79b1f8c0e450  |t 0 
952 f f |p ric  |a Texas A&M University  |b Rellis Campus  |c Joint Library Facility  |d Remote Storage  |t 0  |e PS3558.I4529 R39 1986  |h Library of Congress classification  |i unmediated -- volume  |m A14814077391 
998 f f |a PS3558.I4529 R39 1986  |t 0  |l Remote Storage